| 000 | 00814pam a2200265 a 4500 | ||
|---|---|---|---|
| 999 |
_c7326 _d7326 |
||
| 001 | 7326 | ||
| 003 | BD-JhCC | ||
| 005 | 20180207201624.0 | ||
| 008 | 820825s1983 maua b 001 0 eng | ||
| 020 | _a0871507552 | ||
| 035 | _a(BD-JhCC)7326 | ||
| 040 |
_aDLC _cDLC _dDLC _dBD-JhCC |
||
| 041 | _aeng | ||
| 050 | 0 | 0 |
_aQD261 _b.F47 1983 |
| 082 | 0 | 0 |
_a547/.0076 _219 _bFES 1983 |
| 100 | 1 |
_aFessenden, Ralph J., _d1932- |
|
| 245 | 1 | 0 |
_aTechniques and experiments for organic chemistry / _cRalph J. Fessenden, Joan S. Fessenden. |
| 260 |
_aBoston : _bWillard Grant Press, _cc1983. |
||
| 300 |
_axiii, 449 p. : _bill. ; _c27 cm. |
||
| 504 | _aIncludes bibliographical references and index. | ||
| 650 | 0 |
_aChemistry, Organic _xLaboratory manuals. |
|
| 700 | 1 | _aFessenden, Joan S. | |
| 942 |
_2ddc _cBK |
||